Effect of Plant Growth Regulators on Sex Expression sex-ratio and Yield in Cucumber (Cucumis sativus L.) (Record no. 50179)

MARC details
000 -LEADER
fixed length control field 00468nam a22001577a 4500
003 - CONTROL NUMBER IDENTIFIER
control field OSt
008 - FIXED-LENGTH DATA ELEMENTS--GENERAL INFORMATION
fixed length control field 260424b |||||||| |||| 00| 0 eng d
082 ## - DEWEY DECIMAL CLASSIFICATION NUMBER
Classification number 635.63
Item number S48E
100 ## - MAIN ENTRY--PERSONAL NAME
Personal name Sinha, Bipin Bihari
245 ## - TITLE STATEMENT
Title Effect of Plant Growth Regulators on Sex Expression sex-ratio and Yield in Cucumber (Cucumis sativus L.)
260 ## - PUBLICATION, DISTRIBUTION, ETC. (IMPRINT)
Place of publication, distribution, etc Pusa, Samastipur
Name of publisher, distributor, etc RAU
Date of publication, distribution, etc 1993
300 ## - PHYSICAL DESCRIPTION
Extent 72P.
502 ## - DISSERTATION NOTE
Degree type Msc.
Year degree granted 1993
650 ## - SUBJECT ADDED ENTRY--TOPICAL TERM
Topical term or geographic name as entry element Vegetable and Floriculture
942 ## - ADDED ENTRY ELEMENTS (KOHA)
Source of classification or shelving scheme
Koha item type Thesis
Holdings
Withdrawn status Lost status Source of classification or shelving scheme Damaged status Not for loan Home library Current library Date acquired Total Checkouts Full call number Barcode Date last seen Bill Date Koha item type
          Dr. Rajendra Prasad Central Agricultural University Pusa, Dr. Rajendra Prasad Central Agricultural University Pusa, 24/04/2026   635.63 S48E 44293-UL 24/04/2026 24/04/2026 Thesis
Hosted, Implemented, Customized & Maintained by: BestBookBuddies

Powered by Koha